| 000 | 00781nam a22002297a 4500 | ||
|---|---|---|---|
| 005 | 20100807142111.0 | ||
| 010 | _aENG-98795 | ||
| 020 |
_a938006005x _c120.00 |
||
| 035 | _aEN-82327 | ||
| 037 | _bDBAD/PUB | ||
| 082 | _a330.954 | ||
| 100 |
_aSakthivel, A. _98602 |
||
| 245 |
_aIndian economy : _cby A.Sakthivel _bfor B.A,B.Com. and M.A Courses / |
||
| 260 |
_asalem _bM.S.K Publications _c2009 |
||
| 270 |
_a3/189-E,Athanoor Ammaan Kovi St.,Masinayaganpatti _bsalem |
||
| 300 | v |
_a201p.: _c23cm (pbk) _bill. |
|
| 650 |
_aEconomics _98603 |
||
| 700 | _98297 | ||
| 700 | _98298 | ||
| 942 |
_2ddc _cEN _h330.954 _mSAK |
||
| 999 |
_c40081 _d40081 |
||